01808nam a2200325 a 450000100100000000500170001000800410002704000250006808200260009310000650011924500950018425000110027926000510029030000210034149000270036250000420038959000280043165000290045965000310048865000360051970000580055583000340061391000420064795201460068995201460083595201460098195202010112795201370132899900170146500001557920240412074244.0100215s1971 dr r 000 j spa d aDO-SdBNPbspacBNPHU aRD863.42bT853n, 19711 aTroncoso de la Concha, Manuel del Jesús,d1878-195593515810aNarraciones dominicanas /cM. de J. Troncoso de la Concha ; prólogo R. Emilio Jiménez. a6a ed. aSanto Domingo :bLibrería Hispaniola,c1971. a213 p. ;c20 cm.1 aPensamiento dominicano aIncluye notas al pie de las páginas aInventariado, 2019 / DG 0aCuentos dominicanos9176 0aLiteratura dominicana.967 4aHistoria en la literatura9130012aJiménez, Ramón Emilio,d1886-1970,epról.96521 0aPensamiento dominicano919047 aValidado. Control de calidad. MMOLINA 001054708PDaGRbGRcHDd2013-10-04iLF1l0oRD863.42 T853n, 1971 | v. 1, e. 3p15579-70r2020-06-25w2020-06-25yLFPDZPréstamo en sala 001054708PDaGRbGRcHDd2013-10-04iLF1l0oRD863.42 T853n, 1971 | v. 1, e. 4p15579-80r2020-06-25w2020-06-25yLFPDZPréstamo en sala 001054708PDaGRbGRcHDd2013-10-04iLF1l0oRD863.42 T853n, 1971 | v. 1, e. 5p15579-90r2020-06-25w2020-06-25yLFPDZPréstamo en sala 0010718PDaPDbPDcHDd2010-02-15iLF1l0oRD863.42 T853n, 1971 | v. 1p15579-10r2020-06-25w2020-06-25yLFPDzPerteneció a la biblioteca personal de Carlos Larrazábal Blanco.ZNo se presta 0010718PDaPDbPDcHDd2013-10-04iLF1l0oRD863.42 T853n, 1971 | v. 1, e. 2p15579-60r2020-06-25w2020-06-25yLFPDZNo se presta c15134d15134